Statistics for Translate Sentences English to German

Click here to take the quiz!

General Stats

  • This quiz has been taken 47 times
  • The average score is 14 of 15

Answer Stats

HintAnswer% Correct
I´m going to schoolIch gehe zur Schule
98%
The interest is highDas Interesse ist groß
95%
Er ist nie hierHe is never here
95%
I joined the militaryIch bin dem Militär beigetreten
95%
Why do you take part in thisWarum nimmst du daran teil
95%
Who are youWer bist du
95%
This shop is newDieser Laden ist neu
93%
I found this dogIch habe diesen Hund gefunden
93%
I was hiking this morningIch war wandern heute morgen
93%
I´m HomeIch bin zuhause
90%
I bought foodIch habe essen gekauft
90%
I don´t know herIch kenne sie nicht
90%
I love playing gamesIch liebe es spiele zu spielen
90%
I don´t know where I amIch weiß nicht wo ich bin
90%
I will buy new thingsIch werde neue Sachen kaufen
88%

Score Distribution

Percentile by Number Answered

Percent of People with Each Score

Your Score History

You have not taken this quiz